| 000 | 01990ntm a2200301 4500 | ||
|---|---|---|---|
| 001 | 75862 | ||
| 003 | BD-RjUL | ||
| 005 | 20211209082745.0 | ||
| 008 | 190801s2015 bg ||||| |mb| 00| 0dben d | ||
| 035 | _a(BD-RjUL)76081 | ||
| 040 |
_aBD-RjUL _bben/eng _cBD-RjUL _dBD-RjUL |
||
| 041 | _aben | ||
| 082 |
_223 _a304.81 _bMOP 2015 |
||
| 100 | 1 |
_aমোহাইমেন, মো. আব্দুল _9164801 |
|
| 245 | 1 | 0 |
_aপদ্মা নদী ভাঙ্গনের ফলে কুষ্টিয়া জেলার জনসংখ্যার অবস্থান ও পেশাগত পরিবর্তন প্রেক্ষিত / _cউপস্থাপনায়: মো. আব্দুল মোহাইমেন ; _6তত্ত্বাবধায়ক: মো. আবু হানিফ শেখ |
| 260 |
_aরাজশাহী : _bভূগোল ও পরিবেশ বিদ্যা বিভাগ, রাজশাহী বিশ্ববিদ্যালয়, _c২০১৫ |
||
| 300 |
_axiii, ১৯৮ পাতা : _bচিত্র ; _c২৯ সেমি. |
||
| 502 | _aথিসিস (পিএইচ. ডি.)-- ভূগোল ও পরিবেশ বিদ্যা বিভাগ, রাজশাহী বিশ্ববিদ্যালয়, ২০১৫ | ||
| 504 | _aগ্রন্থপঞ্জি: পাতা [১৭৯]-১৯৪ | ||
| 650 |
_aঅভিবাসন, অভ্যন্তরীণ _zবাংলাদেশ _9232593 |
||
| 650 |
_aMigration, Internal _zBangladesh _9232594 |
||
| 650 |
_aগ্রাম জনসংখ্যা _zবাংলাদেশ _9136387 |
||
| 650 |
_aRural population _zBangladesh. _9232595 |
||
| 650 |
_aগ্রামীণ দরিদ্র _zবাংলাদেশ _9232596 |
||
| 650 |
_aRural poor _zBangladesh. _9232597 |
||
| 700 |
_aশেখ, মো. আবু হানিফ, তত্ত্বাবধায়ক _9232592 |
||
| 942 |
_2ddc _cTHE |
||
| 999 |
_c75862 _d75862 |
||